EU referendums in context: What can we learn from the Swiss case? (Record no. 512679)

000 -LEADER
fixed length control field 01468nam a2200157 4500
008 - FIXED-LENGTH DATA ELEMENTS--GENERAL INFORMATION
fixed length control field 191207b ||||| |||| 00| 0 eng d
100 ## - MAIN ENTRY--PERSONAL NAME
Personal name Heibreder, Eva G. et al
245 ## - TITLE STATEMENT
Title EU referendums in context: What can we learn from the Swiss case?
260 ## - PUBLICATION, DISTRIBUTION, ETC. (IMPRINT)
Name of publisher, distributor, etc Public Administration
300 ## - PHYSICAL DESCRIPTION
Extent 97(2), 2019: p.370-383.
520 ## - SUMMARY, ETC.
Summary, etc The rising number of referendums on EU matters, such as the Brexit and the Catalonian independence votes, highlight the increasing importance of referendums as a problem‐solving mechanism in the EU. We argue that the Swiss case provides essential insights into understanding the dynamics behind referendums, which are often lacking when referendums are called for in the EU. Referendums in EU member states on EU matters differ substantially from those in the Swiss context. Nevertheless, proponents of more direct democratic decision‐making regularly cite the Swiss example. Our systematic analysis of why referendums are called, how they unfold and their effects in the EU and Switzerland reveals that the EU polity lacks the crucial conditions that embed direct democracy within the wider political and institutional system. The comparative perspective offers fundamental insights into the preconditions required for direct democracy to function and its limitations in the EU. - Reproduced.
650 ## - SUBJECT ADDED ENTRY--TOPICAL TERM
Topical term or geographic name as entry element Brexit
9 (RLIN) 14348
773 ## - HOST ITEM ENTRY
Main entry heading Public Administration
906 ## - LOCAL DATA ELEMENT F, LDF (RLIN)
Subject DIP Referendums - European Union
942 ## - ADDED ENTRY ELEMENTS (KOHA)
Source of classification or shelving scheme
Item type Articles
Holdings
Withdrawn status Lost status Source of classification or shelving scheme Damaged status Not for loan Permanent location Current location Date acquired Serial Enumeration / chronology Barcode Date last seen Koha item type
          Indian Institute of Public Administration Indian Institute of Public Administration 2019-12-07 97(2), 2019: p.370-383. AR122009 2019-12-07 Articles

Powered by Koha